Jean-Jacques Rousseau/

Gorde:
Xehetasun bibliografikoak
Egile nagusia: OELKERS, Jurgen
Formatua: Liburua
Hizkuntza:ingelesa
Argitaratua: Bloomsbury Academic, 2014
Etiketak: Etiketa erantsi
Etiketarik gabe, Izan zaitez lehena erregistro honi etiketa jartzen!

MARC

LEADER 00000nam a22000007a 4500
008 210906b ||||| |||| 00| 0 eng d
020 |a 978-1-472-51887-3 
100 |a OELKERS, Jurgen 
245 |a Jean-Jacques Rousseau/   |c Jurgen Oelkers.-   |e (Bloomsbury library of educational thought)  |g  xvii, 246p. 
260 |b Bloomsbury Academic,   |c  2014  |h London:  |i 296300- Educ.   |i 296301  |l LB517 .Oe38  |m Rousseau, Jean-Jacques, 1712-1778  |m Education.  |m Title. 
500 |a “It includes index” 
942 |a lcc  |c BK  |e j. o. ifatola  |f 06/ 09/ 2021 
952 |0 0  |1 0  |2 lcc  |4 0  |6 LB0517 O E38  |7 0  |9 3386  |a HOL  |b HOL  |c LP  |d 2021-09-06  |l 0  |o LB517 .Oe38  |p 2021-67094  |r 2021-09-06 00:00:00  |w 2021-09-06  |y BK 
952 |0 0  |1 0  |2 lcc  |4 0  |6 LB0517 O E38  |7 0  |9 3387  |a HOL  |b ED  |c LP  |d 2021-09-06  |l 0  |o LB517 .Oe38  |p 2021-67095  |r 2021-09-06 00:00:00  |w 2021-09-06  |y BK 
999 |c 1685  |d 1685